000
00330nam a22001457a 4500
003
SGT
020
_a
9789387462564
082
_a
920
_b
S18J
100
_a
JOSHI, SHARAD
245
_a
SHARAD PARIKRAMA: NEHRUKALIN BHARAT KA DARPAN
260
_b
RAJKAMAL PRAKASHAN
_c
2018
300
_a
391
650
_a
BIOGRAPHY
942
_2
ddc
_c
BK
999
_c
28276
_d
28276